书目信息 |
| 题名: |
营养与健康
|
|
| 作者: | 王运良 , 吴峰 , 孙翔云 编著 | |
| 分册: | ||
| 出版信息: | 芜湖 安徽师范大学出版社 2014 |
|
| 页数: | 198页 | |
| 开本: | 24cm | |
| 丛书名: | ||
| 单 册: | ||
| 中图分类: | R151.4 | |
| 科图分类: | ||
| 主题词: | 营养卫生--关系--健康--高等学校--教材 | |
| 电子资源: | ||
| ISBN: | 978-7-81141-647-3 | |
| 000 | 00984nam0 2200265 450 | |
| 001 | 012015000217 | |
| 005 | 20151130092608.12 | |
| 010 | @a978-7-81141-647-3@dCNY25.00 | |
| 100 | @a20150107d2014 em y0chiy50 ea | |
| 101 | 0 | @achi |
| 102 | @aCN@b340000 | |
| 105 | @ay z 000yy | |
| 106 | @ar | |
| 200 | 1 | @a营养与健康@Aying yang yu jian kang@f王运良,吴峰,孙翔云编著 |
| 210 | @a芜湖@c安徽师范大学出版社@d2014 | |
| 215 | @a198页@d24cm | |
| 300 | @a高等院校通识教育课程系列教材 | |
| 330 | @a本书从营养与健康的角度出发,把营养学的基本知识与当前健康理念有机地结合起来,阐述了各种营养素在人体中的作用、来源及对健康的影响。还讨论了饮食营养及平衡膳食、亚健康的营养调节、营养与美容,以及常见疾病的营养预防及治疗。 | |
| 606 | 0 | @a营养卫生@x关系@x健康@x高等学校@j教材 |
| 690 | @aR151.4@v5 | |
| 701 | 0 | @a王运良@Awang yun liang@4编著 |
| 701 | 0 | @a吴峰@Awu feng@4编著 |
| 701 | 0 | @a孙翔云@Asun xiang yun@4编著 |
| 801 | 0 | @aCN@b碧洲教育@c20151127 |
| 905 | @a10447@f4@dR151.4@e117 | |
| 营养与健康/王运良,吴峰,孙翔云编著.-芜湖:安徽师范大学出版社,2014 |
| 198页;24cm |
| 高等院校通识教育课程系列教材 |
| ISBN 978-7-81141-647-3:CNY25.00 |
| 本书从营养与健康的角度出发,把营养学的基本知识与当前健康理念有机地结合起来,阐述了各种营养素在人体中的作用、来源及对健康的影响。还讨论了饮食营养及平衡膳食、亚健康的营养调节、营养与美容,以及常见疾病的营养预防及治疗。 |
| ● |
| 相关链接 |
|
|
|
|
正题名:营养与健康
索取号:R151.4/117
 
预约/预借
| 序号 | 登录号 | 条形码 | 馆藏地/架位号 | 状态 | 备注 |
| 1 | 0871205 | 208712053 | 第二样本阅览室/ [索取号:R151.4/117] | 在馆 | |
| 2 | 0871206 | 208712062 | 第三借阅区/ [索取号:R151.4/117] | 在馆 | |
| 3 | 0871207 | 208712071 | 第三借阅区/ [索取号:R151.4/117] | 在馆 | |
| 4 | 0871208 | 208712080 | 第三借阅区/ [索取号:R151.4/117] | 在馆 |